000 00706nam a2200181 4500
001 122630
003 ES-MaACL
005 20230906192020.0
007 t|
008 070214s1973 sp r ||||1| spa d
245 0 0 _aProblemas de economía del medio ambiente
_b: resumen del Seminario celebrado en la OCDE [junio-agosto de 1971] /
_cpor Luis Miguel Tartajada Martínez.
260 _aMadrid :
_bInstituto de Desarrollo Económico,
_c1973.
300 _a270 p. ;
_c24 cm.
700 1 _aTartajada Martínez, Luis Miguel.
_9109354
710 2 _aOrganización de Cooperación y Desarrollo Económico.
_9167502
710 2 _aInstituto de Desarrollo Económico.
_94862
852 _aES-MaACL
_jE-5309
_bR.89691
999 _c122630
_d122630